000 00351nam a2200133Ia 4500
008 220216s9999 xx 000 0 und d
100 _aManson J
245 0 _aAccelerators for continuous vulcanisation of cable compounds
260 _bIRI Transactions
_c1953
300 _a148-159
650 _aAccelerators
650 _aVulcanisation
942 _cJS
999 _c53737
_d53737